00477pab a2200157 454500008004000000100001400040245006900054260000900123300001000132362000900142650002000151773002100171909000900192999001500201952010300216180718b1987 xxu||||| |||| 00| 0 eng d aPal, M.S. aThe intenational water decade (1981-90) and the national drought c1987 a18-22 aOct. aDrought - India aRadical Humanist a7427 c7427d7427 00104070aIIPAbIIPAd2018-07-19hVolume no: 51, Issue no: 7pAR7437r2018-07-19w2018-07-19yAR